[Event "Titled Tuesday intern op 30th Apr Early"]
[Site "Chess.com INT"]
[Date "2024.04.30"]
[Round "2"]
[White "Arca, Christian Gian Karl"]
[Black "Adithya, A Chullikkad"]
[Result "1-0"]
[WhiteElo "2283"]
[BlackElo "2215"]
[PlyCount "141"]
[EventDate "2024.04.30"]
[EventType "swiss (blitz)"]
[EventRounds "11"]
[EventCountry "USA"]
[SourceTitle "CB19_2024"]
[SourceDate "2024.05.08"]
[SourceVersion "1"]
[SourceVersionDate "2024.05.08"]
[SourceQuality "1"]

1. d4 d5 2. Bf4 e6 3. e3 Bd6 4. Nf3 Ne7 5. Bd3 h6 6. 0-0 0-0 7. Nbd2 Nd7 8. Bg3 Nf6 9. Ne5 b6 10. f4 c5 11. c3 a5 12. Bh4 Nf5 13. Bf2 Ba6 14. Bxa6 Rxa6 15. g4 Ne7 16. Bh4 Ng6 17. Bxf6 gxf6 18. Nxg6 fxg6 19. Nf3 Ra7 20. Qe2 Qd7 21. h3 c4 22. Nh4 Kh7 23. e4 dxe4 24. Qxe4 f5 25. Qe2 Re8 26. Qxc4 Bxf4 27. Rxf4 g5 28. Rf3 gxh4 29. Qd3 Rf8 30. Raf1 Qg7 31. Kh1 Rg8 32. R3f2 Rf7 33. d5 exd5 34. Rxf5 Rxf5 35. Rxf5 Qg6 36. Rxd5 Qxd3 37. Rxd3 Re8 38. Rd7+ Kg8 39. Rd6 Re1+ 40. Kg2 Re2+ 41. Kf3 Rxb2 42. Rxh6 b5 43. Rxh4 Rxa2 44. Rh5 Rb2 45. c4 a4 46. cxb5 a3 47. Rh6 Rxb5 48. Ra6 Rb3+ 49. Kg2 Kg7 50. h4 Kh7 51. h5 Kg7 52. Ra5 Kh7 53. g5 Kg7 54. Ra7+ Kg8 55. Ra5 Kg7 56. h6+ Kh7 57. Ra7+ Kg6 58. Rg7+ Kf5 59. h7 Rb8 60. Rg8 a2 61. Rxb8 a1Q 62. h8Q Qa2+ 63. Qb2 Qd5+ 64. Kf2 Qc5+ 65. Ke2 Qe7+ 66. Kd2 Qd6+ 67. Kc2 Qc5+ 68. Qc3 Qf2+ 69. Kb3 Kxg5 70. Rg8+ Kh4 71. Qh8# 1-0

[Event "Titled Tuesday intern op 30th Apr Early"]
[Site "Chess.com INT"]
[Date "2024.04.30"]
[Round "4"]
[White "Arca, Christian Gian Karl"]
[Black "Turzo, Attila"]
[Result "1-0"]
[WhiteElo "2283"]
[BlackElo "2279"]
[PlyCount "65"]
[EventDate "2024.04.30"]
[EventType "swiss (blitz)"]
[EventRounds "11"]
[EventCountry "USA"]
[SourceTitle "CB19_2024"]
[SourceDate "2024.05.08"]
[SourceVersion "1"]
[SourceVersionDate "2024.05.08"]
[SourceQuality "1"]

1. d4 d5 2. c4 c6 3. Nc3 Nf6 4. Nf3 a6 5. Bg5 e6 6. e3 b5 7. cxd5 cxd5 8. Bd3 Bb7 9. 0-0 Nbd7 10. Rc1 Bd6 11. h3 0-0 12. a3 Qb6 13. Nd2 Rac8 14. b4 h6 15. Bh4 Qa7 16. Nb3 Ne4 17. Bxe4 dxe4 18. Nc5 Nxc5 19. dxc5 Be5 20. Qg4 Qb8 21. Rfd1 Bxc3 22. Rxc3 Bd5 23. Bf6 g6 24. Qh4 Kh7 25. Be7 Rg8 26. Qf6 Rg7 27. Bd6 Qb7 28. Be5 Rgg8 29. Rxd5 exd5 30. c6 Qa7 31. c7 Rcf8 32. c8Q Rxc8 33. Rxc8 1-0

[Event "Titled Tuesday intern op 30th Apr Early"]
[Site "Chess.com INT"]
[Date "2024.04.30"]
[Round "6"]
[White "Thorhallsson, Simon"]
[Black "Arca, Christian Gian Karl"]
[Result "0-1"]
[WhiteElo "2173"]
[BlackElo "2283"]
[PlyCount "68"]
[EventDate "2024.04.30"]
[EventType "swiss (blitz)"]
[EventRounds "11"]
[EventCountry "USA"]
[SourceTitle "CB19_2024"]
[SourceDate "2024.05.08"]
[SourceVersion "1"]
[SourceVersionDate "2024.05.08"]
[SourceQuality "1"]

1. e4 d6 2. d4 Nf6 3. Nc3 g6 4. g3 Bg7 5. Bg2 0-0 6. Nge2 c5 7. 0-0 cxd4 8. Nxd4 Nc6 9. Nde2 Bd7 10. h3 a6 11. a4 Rb8 12. Be3 b5 13. axb5 axb5 14. Ra2 Ne5 15. b3 Bc6 16. Nd5 Bxd5 17. exd5 Ra8 18. Rxa8 Qxa8 19. Nd4 Qb7 20. Nc6 Qc7 21. Qe2 Nxd5 22. Bxd5 Nxc6 23. Qxb5 Nd4 24. Bxd4 Bxd4 25. Re1 e6 26. Be4 d5 27. Bd3 Qxg3+ 28. Kh1 Qxh3+ 29. Kg1 Qg3+ 30. Kh1 Bxf2 31. Bf1 Bxe1 32. Qe2 Bf2 33. Bg2 Qh4+ 34. Bh3 Qxh3# 0-1

[Event "Titled Tuesday intern op 02nd Apr Early"]
[Site "Chess.com INT"]
[Date "2024.04.02"]
[Round "2"]
[White "Arca, Christian Gian Karl"]
[Black "Spichkin, Alexander"]
[Result "1-0"]
[WhiteElo "2283"]
[BlackElo "2035"]
[PlyCount "101"]
[EventDate "2024.04.02"]
[EventType "swiss (blitz)"]
[EventRounds "11"]
[EventCountry "USA"]
[SourceTitle "CB15_2024"]
[SourceDate "2024.04.10"]
[SourceVersion "1"]
[SourceVersionDate "2024.04.10"]
[SourceQuality "1"]

1. d4 e6 2. Bf4 f5 3. e3 Nf6 4. h3 Be7 5. Nf3 0-0 6. c4 b6 7. Nc3 Bb7 8. Bd3 Ne4 9. 0-0 d6 10. Rc1 Nd7 11. Bxe4 fxe4 12. Nd2 d5 13. Qg4 Rf6 14. cxd5 exd5 15. Nb5 c6 16. Nc7 Rg6 17. Qf5 Rc8 18. Ne6 Qe8 19. Nc7 Qd8 20. f3 Rf6 21. Qh5 Rxf4 22. Ne6 Rh4 23. Qxh4 Bxh4 24. Nxd8 Rxd8 25. fxe4 Bg5 26. Rc3 c5 27. Nf3 Bh6 28. e5 c4 29. b3 b5 30. a4 a6 31. axb5 axb5 32. bxc4 dxc4 33. Rb1 Bc6 34. e6 Nb6 35. Ne5 Be8 36. Rf1 Nd5 37. e4 Nxc3 38. e7 Ne2+ 39. Kh2 Bf4+ 40. Rxf4 Nxf4 41. exd8Q Kf8 42. Nd7+ Kf7 43. Ne5+ Kf8 44. Qd6+ Kg8 45. Qe7 h5 46. Qxe8+ Kh7 47. Qf7 c3 48. Qxf4 c2 49. Qf5+ g6 50. Qxg6+ Kh8 51. Nf7# 1-0

[Event "Titled Tuesday intern op 02nd Apr Early"]
[Site "Chess.com INT"]
[Date "2024.04.02"]
[Round "6"]
[White "Sharapov, Evgeny"]
[Black "Arca, Christian Gian Karl"]
[Result "1-0"]
[WhiteElo "2375"]
[BlackElo "2283"]
[PlyCount "147"]
[EventDate "2024.04.02"]
[EventType "swiss (blitz)"]
[EventRounds "11"]
[EventCountry "USA"]
[SourceTitle "CB15_2024"]
[SourceDate "2024.04.10"]
[SourceVersion "1"]
[SourceVersionDate "2024.04.10"]
[SourceQuality "1"]

1. b3 e5 2. Bb2 Nc6 3. Nf3 e4 4. Nd4 d5 5. Nxc6 bxc6 6. d3 exd3 7. exd3 Nf6 8. Be2 Bd6 9. 0-0 0-0 10. Nd2 Bf5 11. Bf3 h6 12. h3 c5 13. Re1 Rb8 14. Bxf6 Qxf6 15. Bxd5 Qd4 16. Be4 Be6 17. Nf3 Qf6 18. c4 Rbd8 19. Qc2 Bf4 20. Rad1 g6 21. Qb1 Rd6 22. Qa1 Qd8 23. d4 cxd4 24. Rxd4 c5 25. Rxd6 Bxd6 26. Rd1 Qc7 27. Bd5 Bf5 28. Nh4 Be5 29. Qc1 Bf4 30. Qc3 Be5 31. Qf3 Bc2 32. Rc1 Qe7 33. g3 Bf5 34. Nxf5 gxf5 35. Qxf5 Bd4 36. Be4 f6 37. Qg6+ Qg7 38. Bd5+ Kh8 39. Qxg7+ Kxg7 40. Re1 f5 41. Re7+ Kg6 42. Re6+ Kg7 43. Kg2 f4 44. g4 Rf6 45. Re7+ Kg6 46. Rxa7 Kg5 47. Rf7 f3+ 48. Kf1 Ra6 49. Rf5+ Kg6 50. Rxf3 Rxa2 51. Kg2 Rb2 52. Be4+ Kg7 53. Kg3 Be5+ 54. Kg2 Bd4 55. Bd5 Kg6 56. h4 Kg7 57. h5 Kh8 58. Kg3 Be5+ 59. Kh3 Bd4 60. Kg2 Kg7 61. Rf7+ Kh8 62. Kg3 Be5+ 63. f4 Rxb3+ 64. Kg2 Bd4 65. g5 Rb2+ 66. Kf3 Rf2+ 67. Ke4 hxg5 68. fxg5 Rxf7 69. Bxf7 Kg7 70. Bd5 Bb2 71. Kf5 Bc1 72. h6+ Kh7 73. Kg4 Bd2 74. Kh5 1-0

[Event "PHI-ch"]
[Site "Marikina City"]
[Date "2024.01.06"]
[Round "11"]
[White "Arca, Christian Gian Karl"]
[Black "Medina, Vince Angelo"]
[Result "0-1"]
[WhiteElo "2277"]
[BlackElo "2125"]
[PlyCount "88"]
[EventDate "2023.12.27"]
[EventType "tourn"]
[EventRounds "13"]
[EventCountry "PHI"]
[SourceTitle "CB02_2024"]
[SourceDate "2024.01.10"]
[SourceVersion "1"]
[SourceVersionDate "2024.01.10"]
[SourceQuality "1"]

1. e4 c5 2. Nf3 d6 3. Bb5+ Bd7 4. Bxd7+ Qxd7 5. 0-0 Nc6 6. c3 Nf6 7. Qe2 e6 8. d4 cxd4 9. cxd4 d5 10. e5 Ne4 11. Nbd2 Nxd2 12. Bxd2 Be7 13. Rac1 0-0 14. a3 Rac8 15. Qd3 h6 16. h3 a6 17. Rc2 Na7 18. Rfc1 b5 19. Ba5 Rc4 20. Nd2 Bg5 21. Bb6 Rfc8 22. Bc5 Nc6 23. b3 Rxc2 24. Rxc2 Be7 25. b4 Bxc5 26. Rxc5 Ne7 27. Qc3 Rxc5 28. Qxc5 Kf8 29. Nb3 Qc6 30. Qa7 g5 31. Nc5 Nf5 32. Kh2 Qc8 33. Nd7+ Kg7 34. Nf6 Kg6 35. Nd7 Nxd4 36. Nc5 Nc6 37. Qb6 Nxe5 38. Qd6 Nc4 39. Qe7 Qc6 40. g3 Qd6 41. Qe8 Kg7 42. Nb7 Qb6 43. Nc5 Nxa3 44. Kg2 Nc4 0-1

[Event "PHI-ch"]
[Site "Marikina City"]
[Date "2024.01.04"]
[Round "8"]
[White "Lim, Samson Chiu Chin II"]
[Black "Arca, Christian Gian Karl"]
[Result "0-1"]
[WhiteElo "2116"]
[BlackElo "2277"]
[PlyCount "75"]
[EventDate "2023.12.27"]
[EventType "tourn"]
[EventRounds "13"]
[EventCountry "PHI"]
[SourceTitle "CB02_2024"]
[SourceDate "2024.01.10"]
[SourceVersion "1"]
[SourceVersionDate "2024.01.10"]
[SourceQuality "1"]

1. c4 c5 2. Nc3 Nf6 3. g3 Nc6 4. Bg2 g6 5. e4 Bg7 6. Nge2 d6 7. d3 0-0 8. 0-0 a6 9. f4 Rb8 10. h3 Ne8 11. Kh2 b5 12. Rb1 Nc7 13. b3 Ne6 14. Bb2 b4 15. Nd5 Ned4 16. Nxd4 Nxd4 17. Qd2 e6 18. Ne3 a5 19. Nc2 e5 20. Ne3 f5 21. Nd5 Be6 22. Rf2 Bxd5 23. cxd5 fxe4 24. dxe4 exf4 25. gxf4 Qh4 26. Rbf1 Rb7 27. Qe3 Rbf7 28. Qg3 Qxg3+ 29. Kxg3 g5 30. f5 Be5+ 31. Kg4 h5+ 32. Kxh5 Rh7+ 33. Kg4 Rh4+ 34. Kxg5 Bf6+ 35. Kg6 Rh7 36. Bc1 Rg7+ 37. Kh5 Kf7 38. Bb2 0-1

[Event "Manny Pacquiao op"]
[Site "General Santos City"]
[Date "2022.12.13"]
[Round "1"]
[White "Ceres, Dragos"]
[Black "Arca, Christian Gian Karl"]
[Result "0-1"]
[WhiteElo "2412"]
[BlackElo "1829"]
[PlyCount "114"]
[EventDate "2022.12.13"]
[EventType "swiss"]
[EventRounds "9"]
[EventCountry "PHI"]
[SourceTitle "EXT 2024"]
[Source "ChessBase"]
[SourceDate "2023.10.10"]
[SourceVersion "1"]
[SourceVersionDate "2023.10.10"]
[SourceQuality "1"]

1. e4 c6 2. d4 d5 3. e5 Bf5 4. Nf3 e6 5. Be2 Nd7 6. 0-0 Ne7 7. c3 c5 8. Na3 Nc6 9. Nc2 Rc8 10. dxc5 Bxc5 11. Ncd4 Be4 12. Bf4 Qb6 13. Nxc6 bxc6 14. Nd2 Qxb2 15. Nxe4 dxe4 16. Qe1 0-0 17. Bc4 Nb6 18. Rb1 Qa3 19. Bb3 Nd5 20. Bd2 e3 21. fxe3 Ne7 22. Rf4 Qa5 23. h4 Rfd8 24. h5 Qc7 25. Re4 Qd7 26. Rd1 Qd3 27. Rc4 Bb6 28. g4 Qd5 29. Qg3 Bc7 30. Ra4 Qc5 31. Re4 Rd7 32. Qf2 Bxe5 33. Rf1 Qd6 34. Be1 h6 35. c4 c5 36. Ba4 Rb7 37. Bc2 Rb2 38. Qg2 f6 39. Rf2 Rxa2 40. Rd2 Qc7 41. Rd1 Ra6 42. Qe2 Rd8 43. Rxd8+ Qxd8 44. Rxe5 fxe5 45. Bc3 Ra2 46. Bxe5 Nc6 47. Bc3 Nb4 48. Bxb4 cxb4 49. Bh7+ Kxh7 50. Qxa2 Qd1+ 51. Kh2 b3 52. Qa4 Qe2+ 53. Kg3 Qxe3+ 54. Kh4 Qf2+ 55. Kh3 b2 56. Qd1 Qe3+ 57. Kh4 Qe4 0-1

[Event "Eastern Asia-ch U12"]
[Site "Tornelo INT"]
[Date "2021.10.29"]
[Round "1"]
[White "Arca, Christian Gian Karl"]
[Black "Jain, Daksh"]
[Result "1-0"]
[WhiteElo "1681"]
[BlackElo "1105"]
[PlyCount "149"]
[EventDate "2021.10.29"]
[EventType "swiss"]
[EventRounds "9"]
[EventCountry "NET"]
[SourceTitle "EXT 2023"]
[Source "ChessBase"]
[SourceDate "2022.10.05"]
[SourceVersion "1"]
[SourceVersionDate "2022.10.05"]
[SourceQuality "1"]

1. d4 Nf6 2. Bf4 c6 3. e3 Qb6 4. Qc1 Nh5 5. Bg3 Nxg3 6. hxg3 g6 7. c4 Bg7 8. Nc3 d6 9. Nf3 Nd7 10. Be2 c5 11. 0-0 0-0 12. Re1 cxd4 13. Nd5 Qd8 14. exd4 e6 15. Nc3 b6 16. d5 Bxc3 17. Qxc3 e5 18. b4 Nf6 19. Rad1 Ne4 20. Qc2 f5 21. c5 bxc5 22. bxc5 Nxc5 23. Nxe5 Qf6 24. Nc6 Bd7 25. Bc4 Rfe8 26. Qb1 Ne4 27. Qb7 Bxc6 28. dxc6+ Kh8 29. c7 Qc3 30. Bd5 Rac8 31. Bxe4 Rxc7 32. Qb5 Rxe4 33. Rxe4 fxe4 34. Qe8+ Kg7 35. Qxe4 Qf6 36. Qd3 Rd7 37. Qd5 Qf7 38. Qd4+ Qf6 39. Qc4 Qf7 40. Qc3+ Qf6 41. Qc6 Qe6 42. a4 Kf7 43. Rd3 d5 44. Rf3+ Ke7 45. Re3 Qxe3 46. fxe3 a5 47. Qc5+ Ke6 48. Qxa5 d4 49. Qb6+ Rd6 50. Qxd6+ Kxd6 51. exd4 Kd5 52. a5 Kc6 53. Kf2 Kb5 54. Ke3 Kxa5 55. Ke4 Kb6 56. Ke5 Kc7 57. Ke6 Kd8 58. g4 g5 59. Kf5 Kd7 60. Kxg5 Kd6 61. Kh6 Kd5 62. Kxh7 Kxd4 63. g5 Ke5 64. g6 Ke4 65. g7 Ke3 66. g8Q Kf2 67. g4 Kg1 68. Qf7 Kh2 69. Qf3 Kg1 70. g5 Kh2 71. g6 Kg1 72. Kh6 Kh2 73. g7 Kg1 74. g8Q+ Kh2 75. Qgg2# 1-0

[Event "Zonal 3.3 Online"]
[Site "Tornelo INT"]
[Date "2021.05.06"]
[Round "6"]
[White "Wiwatanadate, Poompong"]
[Black "Arca, Christian Gian Karl"]
[Result "1-0"]
[WhiteElo "2043"]
[BlackElo "1705"]
[PlyCount "79"]
[EventDate "2021.05.01"]
[EventType "swiss"]
[EventRounds "9"]
[EventCountry "PHI"]
[SourceTitle "CBM 202 Extra"]
[Source "ChessBase"]
[SourceDate "2021.07.31"]
[SourceVersion "1"]
[SourceVersionDate "2021.07.31"]
[SourceQuality "1"]

1. d4 d5 2. c4 c6 3. Nf3 Nf6 4. Nc3 a6 5. cxd5 cxd5 6. Bf4 Nc6 7. Rc1 Bf5 8. e3 Rc8 9. Ne5 Qb6 10. Bd3 Bxd3 11. Qxd3 Qxb2 12. 0-0 Nb4 13. Qe2 Qa3 14. e4 Rxc3 15. Rxc3 Qxc3 16. Rc1 Qxc1+ 17. Bxc1 e6 18. a3 dxe4 19. axb4 Bd6 20. Ng4 Nd5 21. Qxe4 Kd7 22. Ne5+ Ke7 23. Qh4+ Ke8 24. Bd2 Be7 25. Qh5 g6 26. Qe2 f6 27. Nd3 Kf7 28. Nf4 Nxf4 29. Bxf4 Rc8 30. g4 Bxb4 31. Qe4 Rd8 32. Qxb7+ Be7 33. Be3 a5 34. Qa7 Rd5 35. Bd2 e5 36. Bxa5 Rxd4 37. Bb6 Rd2 38. Bc5 Rd1+ 39. Kg2 Kg7 40. Qxe7+ 1-0

[Event "Wch FIDE Online U12 Asia qual"]
[Site "Tornelo INT"]
[Date "2020.12.13"]
[Round "7"]
[White "Arca, Christian Gian Karl"]
[Black "Mahdavi, Reza"]
[Result "1-0"]
[WhiteElo "1705"]
[BlackElo "2124"]
[PlyCount "103"]
[EventDate "2020.12.11"]
[EventType "swiss (rapid)"]
[EventRounds "7"]
[EventCountry "ISS"]
[SourceTitle "EXT 2022"]
[Source "ChessBase"]
[SourceDate "2021.10.06"]
[SourceVersion "1"]
[SourceVersionDate "2021.10.06"]
[SourceQuality "1"]

1. d4 Nf6 2. Bf4 g6 3. Nc3 d5 4. e3 Bg7 5. Qd2 c6 6. 0-0-0 0-0 7. h4 h5 8. Nf3 Nbd7 9. Ne5 c5 10. f3 c4 11. g4 b5 12. Nc6 Qe8 13. g5 Nb6 14. gxf6 exf6 15. Nb4 Bb7 16. e4 dxe4 17. fxe4 Rc8 18. Bg2 a5 19. Nbd5 Na8 20. Bd6 b4 21. Ne7+ Kh7 22. Ncd5 Rd8 23. Bf4 Qa4 24. Kb1 c3 25. Qe2 cxb2 26. e5 Rfe8 27. Nxf6+ Bxf6 28. exf6 Bc8 29. Qe5 Bf5 30. Be4 Bxe4 31. Qxe4 Nb6 32. Qc6 Qxc6 33. Nxc6 Rd5 34. Ne7 Rd7 35. Kxb2 Na4+ 36. Ka1 Nc3 37. Rd3 Ne4 38. Rf1 Nxf6 39. Bg5 Rdxe7 40. Rxf6 Re1+ 41. Kb2 Kg8 42. Rd6 Rf1 43. Rd8 Rxd8 44. Bxd8 a4 45. Ba5 a3+ 46. Kb3 Rb1+ 47. Ka4 Rb2 48. d5 Rxa2 49. d6 Rxc2 50. d7 a2 51. d8Q+ Kh7 52. Qf6 1-0

[Event "Wch FIDE Online U12 Asia qual"]
[Site "Tornelo INT"]
[Date "2020.12.12"]
[Round "5"]
[White "Soud, Jaber"]
[Black "Arca, Christian Gian Karl"]
[Result "0-1"]
[WhiteElo "1387"]
[BlackElo "1705"]
[PlyCount "80"]
[EventDate "2020.12.11"]
[EventType "swiss (rapid)"]
[EventRounds "7"]
[EventCountry "ISS"]
[SourceTitle "EXT 2022"]
[Source "ChessBase"]
[SourceDate "2021.10.06"]
[SourceVersion "1"]
[SourceVersionDate "2021.10.06"]
[SourceQuality "1"]

1. d4 d5 2. Nf3 Nf6 3. g3 c6 4. Bg2 Bf5 5. 0-0 a6 6. c4 e6 7. Nc3 Be7 8. Qb3 b5 9. cxd5 cxd5 10. Nh4 Bg6 11. Nxg6 hxg6 12. Bg5 0-0 13. Rac1 Nbd7 14. Qc2 Rc8 15. Qd2 Nb6 16. b3 Qd7 17. Bxf6 Bxf6 18. e3 Rc7 19. Rc2 Rfc8 20. Rfc1 Be7 21. Ne2 Ba3 22. Rxc7 Rxc7 23. Rxc7 Qxc7 24. h4 b4 25. Nf4 Nc8 26. Nd3 Qc3 27. Qe2 Nd6 28. Nc5 a5 29. Na4 Qc1+ 30. Kh2 Nf5 31. Bf3 Qc7 32. Nc5 Nxh4 33. Bg2 Nf5 34. Qb5 Bc1 35. Qe2 Ba3 36. Bf1 e5 37. Qd2 exd4 38. exd4 Qd6 39. Bd3 Nxd4 40. Qc1 Bxc1 0-1